Quizzes
Events
Quiz Creation
Community
Videos
Private Events
Remove Ads
Sign In
Join for FREE
Feedback
Dark Mode
Quiz Categories
Sports
Geography
Music
Movies
Television
Just For Fun
Miscellaneous
History
Literature
Language
Science
Gaming
Entertainment
Religion
Holiday
For Kids
Quiz Lab
Recent
Popular Today
Quiz Kudos Today
Editor Picks
Curator Picks
Quizzes by...
Day
Popularity
Type
Ratings
Length
Year
Community
Subscriptions
Recent Discussions
Orange Saloon
Badges
Playlists
Quests
Create
Leaderboards
Showdown
Live 5
Trivia Bingo
Activity
Puzzle Library
Sporcle Events
Private Events
Virtual Trivia
Globe League
Become a Host
Pub Owners
SporcleCon
Opinionation
Our Games
Videos
Blog
Mobile Apps
Partnerships
Remove Ads and Go Orange
Feedback
Music
Pop Music
The Beatles
Song
Album
Lyrics
Bands
Singers
Artist
Clip
Rock
Rap
Classical
Billboard
Country Music
Kpop
Taylor Swift
Music
Pop Music
The Beatles
Song
Album
Lyrics
Bands
Singers
Artist
Clip
Rock
Rap
Classical
Billboard
Country Music
Kpop
Taylor Swift
Random Quiz
Search Sporcle
×
Quiz Lab
Quiz Lab
Music
Musical
Type in answers that appear in a list
Type in answers that appear in a list
Classic
Best Score? Go Orange.
Bands of Brothers Stats
Can you name the Musical Groups Featuring Brothers??
By
icenine
8m
20 Questions
165 Plays
165 Plays
165 Plays
Comments
Comments
Give Quiz Kudos
Give Quiz Kudos
-
- Ratings
hide this ad
Random Order
Randomize order of answers
Randomize order of answers
Replay
Link that replays current quiz
Next Quiz
Link to next quiz in quiz playlist
You Got
0%
They Got
Avg Score
42%
Avg Friend Score
Upgrade to see
Score Distribution
Jump to the score distribution portion of the page
Score
0/20
Timer
08:00
0
Plays Today
Brothers
Band
% Correct
Marlon, Jackie, Tito, Jermaine and Michael [Band Name]
The Jackson Five
91.5%
Liam and Noel Gallagher
Oasis
84.8%
Maurice, Robin and Barry Gibb
The Bee Gees
83.6%
Brian, Carl and Dennis Wilson
The Beach Boys
82.4%
Malcolm and Angus Young
ACDC
73.9%
Gregg and Duane [Band Name]
The Allman Brothers Band
72.1%
Ray and Dave Davies
The Kinks
57.6%
Caleb, Nathan and Jared Followill
Kings of Leon
46.1%
Chris and Rich Robinson
The Black Crowes
36.4%
Mark, Bob and Jim Mothersbaugh
Devo
31.5%
Brothers
Band
% Correct
Jonny and Colin Greenwood
Radiohead
30.9%
Art, Aaron, Charles, Cyril and Ivan [Band Name]
The Neville Brothers
29.1%
Ronald, Ernie, O'Kelly, Rudolph, Marvin and Vernon [Band Name]
The Isley Brothers
27.9%
Gerard and Mikey Way
My Chemical Romance
26.1%
Dean and Robert DeLeo
Stone Temple Pilots
21.2%
Martin and Gary Kemp
Spandau Ballet
20%
Andrew, Jon and Tim Farriss
INXS
15.8%
Jerry Only and Doyle Wolfgang von Frankenstein
The Misfits
13.3%
Jim and William Reid
The Jesus and Mary Chain
8.5%
Charlie, Ronnie and Robert Wilson
The Gap Band
6.1%
Quiz Playlist
Details
Report
Send in Message
Add To Playlist
Classic:
Type in answers that appear in a list
Random Order:
Randomize order of answers
Last Updated: Feb 16, 2017
Quiz Scoreboard
CHALLENGE
Sign Up to Join the Scoreboard
Show All
Scores
Hide
Comments
May contain spoilers
Recently Published
Movies - When Are They Set?
by FPL_Elf
Movies
5m
Popular People in 1961
by mucciniale
History
6m
1-10 Letter E Words III
by El_Dandy
Language
2m
More to Explore
Quiz From the Vault
Featured Blog Post
Where Did the Easter Bunny Come From?
hide this ad
You Might Also Like...
Tags
Bands Quiz
Musical Quiz
Brother
Featuring
group
Today's Top Quizzes in Music
Browse Music
hide this ad
Today's Top Quizzes in Musical
Browse Musical
Top Contributed Quizzes in Music
1
Taylor Swift All Songs (2024)
2
2010s Album by Cover III
3
Guess the Artist- 70s Songs
4
One Thing in Common: Music
5
Taylor Swift Logic Puzzle
6
Guess the Taylor Swift song (Mystery Song)
7
2010s Album by Cover IV
8
2010s Album by Cover V
9
KPOP LOGIC QUIZ
10
Kpop Logic Quiz
Explore More
Trending Topics
Anime
Marvel
Kpop
Harry Potter
Disney
Crossword
NBA
Pokémon
Soccer
WWE
NFL
Country
Puzzle
Song
The Office
hide this ad
More By:
icenine
Quiz
Plays
Rating
Category
Featured
Created
Ten+ Multi-Platinum Albums
89,324
4.41
Music
Sep 27, 2010
Most Weeks at #1: The Albums
15,311
4.57
Music
Aug 10, 2013
NFL: Top 10 Winningest QB by Franchise (AFC)
12,115
4.76
Sports
Nov 29, 2013
NFL: Top 10 Winningest QB by Franchise (NFC)
8,660
4.85
Sports
Nov 29, 2013
US Cities with Multiple Major Airports
5,351
1.83
Geography
May 7, 2010
Go to Creator's Profile
Score Distribution
Quiz Creator Spotlight
icenine
Follow
Send a Message
Quizzes Created
-
Created Quiz Play Count
-
More By This Creator
Popular Quizzes Today
1
Find the Countries of Europe - No Outlines Minefield
2
Find the US States - No Outlines Minefield
3
The Countries of the World
4
Popular People in 1961
5
US States
6
1-10 Letter E Words III
7
Find the US States
8
One Thing in Common: World Cities II
More Music Quizzes
Acrostic The Rolling Stones
Quiz Lab
Trending Quizzes
Risky Map Clicking: Least Populous States A-Z
1-10 Letter F Words
1-10 Letter G Words
One Thing in Common: United Kingdom
Risky Map Clicking: Next State Alphabetically
Recently Updated
Leaping Animals
pecheneg
Reality TV Shows (A-Z)
bhenderson79
Rickey Henderson's Hall of Fame Teammates
pecheneg
Champions League XIs: Arsenal
pecheneg
Quick Pick: Celebrities in WWE's Hall of Fame
aduchscher
A-Z Keypad Blitz II
pecheneg
Multiple Oscar Actors
pecheneg
Mystery Phrase Blitz: Oscar 'Best Actors'
pecheneg
F. Scott Fitzgerald Novels
LTH
Pick 3 Villains
ddd62291
Trending Topics
NBA
Anime
Harry Potter
Marvel
Disney
Crossword
Kpop
Country
Pokémon
NFL
Song
Puzzle
The Office
Soccer
WWE
Your Account Isn't Verified!
In order to create a playlist on Sporcle, you need to verify the email address you used during registration. Go to your
Sporcle Settings
to finish the process.
Report this User
Report this user for behavior that violates our
Community Guidelines
.
Details:
Send Report
Go to the Sporcle.com Mobile Site →
Comments